Demografia - quiz wielokrotnego wyboru - Statystyki

Ogólne statystyki
  • Ten quiz został rozwiązany 2 137 razy
    2 104 od ostatniego zresetowania
  • Średni wynik to 14 z 20
Statystyki odpowiedzi
Zagadnienie Odpowiedź % Poprawnych
Prawda czy fałsz: Indie mają ponad miliard ludzi. Prawda
93%
Jaka jest przybliżona populacja świata według stanu na marzec 2021 r.? 7.85 Miliarda
91%
Które z tych miast ma największą liczbę ludności w swoim obszarze miejskim? Bombaj
86%
Który z tych państw ma najstarszą średnią wieku? Niemcy
86%
Który z tych państw posiada największą gęstość zaludnienia? Holandia
83%
Jaki procent populacji Francji stanowią muzułmanie? 8.8%
81%
Jaki procent światowej populacji mieszka w Europie? 9.5%
80%
Czy populacja Japonii rośnie czy maleje? Maleje
78%
W przybliżeniu w którym roku Nigeria przewyższy Stany Zjednoczone pod względem liczby ludności? 2055
74%
Jaki procent populacji Wielkiej Brytanii mieszka w Anglii? 84%
72%
Jaki procent mieszkańców Stanów Zjednoczonych uważa się za Afroamerykanów? 14%
69%
Jaki procent światowej populacji zginął w wyniku działań wojennych w 2016 r., ostatnim roku, za który posiadamy dane? 0.001%
64%
Jaki procent populacji Chin urodził się w innym państwie? 0.1%
63%
Jaki procent świata stanowią Żydzi? 0.2%
61%
Które z tych miejsc ma największą liczbę mieszkańców? Teksas
55%
W 2003 roku Irak liczył około 25 milionów mieszkańców. Jaka jest przybliżona populacja w 2021 r.? 41 milionów
53%
Jaka jest średnia długość życia ludzi obywateli Arabii Saudyjskiej? 75 lat
50%
Jaki procent populacji Turcji jest zarejestrowany przez rząd turecki jako muzułmanie? 99.8%
49%
Jak zmieniła się średnia długość życia w Afryce Subsaharyjskiej w ciągu ostatnich 50 lat? Bardzo urosła
48%
Jaki jest średni wiek mieszkańców Ugandy? 16 lat
39%
Nie znaleziono quizów pasujących do podanych kryteriów
Rozkład punktacji
Procent ludzi z każdym wynikiem
Percentyl według liczby udzielonych odpowiedzi
Twoja historia wyników
Nie rozwiązałeś tego quizu od ostatniego zresetowania